000
00295nam a22001337a 4500
008
170130b xxu||||| |||| 00| 0 eng d
020
_a
9780387955421
041
_a
eng
080
_a
61
100
_a
3S
101
_a
SHMI
245
_a
QUEST OF TOMORROW'S MEDICINES
_c
DREWS, J
942
_2
udc
_c
BK
999
_c
3990
_d
3990